Pokemon Generation 1-3 [Deutsch] - Statistiken

Allgemein
  • Dieses Quiz wurde 1.874 mal gespielt
  • Das Durchschnittsergebnis liegt bei 265 aus 386
Antwortstatistiken
Dex-Nr. Pokemon % Korrekt
#001 Bisasam
97%
#003 Bisaflor
96%
#002 Bisaknosp
96%
#004 Glumanda
96%
#006 Glurak
96%
#005 Glutexo
96%
#007 Schiggy
96%
#151 Mew
95%
#008 Schillok
95%
#009 Turtok
95%
#025 Pikachu
94%
#010 Raupy
94%
#017 Tauboga
94%
#018 Tauboss
94%
#016 Taubsi
94%
#013 Hornliu
93%
#144 Arktos
92%
#015 Bibor
92%
#014 Kokuna
92%
#146 Lavados
92%
#150 Mewtu
92%
#026 Raichu
92%
#012 Smettbo
92%
#011 Safcon
91%
#145 Zapdos
91%
#149 Dragoran
90%
#074 Kleinstein
90%
#134 Aquana
89%
#147 Dratini
89%
#133 Evoli
89%
#136 Flamara
89%
#094 Gengar
89%
#075 Georok
89%
#095 Onix
89%
#019 Rattfratz
89%
#093 Alpollo
88%
#135 Blitza
88%
#148 Dragonir
88%
#076 Geowaz
88%
#021 Habitak
88%
#022 Ibitak
88%
#092 Nebulak
88%
#020 Rattikarl
88%
#024 Arbok
87%
#129 Karpador
87%
#034 Nidoking
87%
#031 Nidoqueen
87%
#029 Nidoran ♀
87%
#032 Nidoran ♂
87%
#023 Rettan
87%
#063 Abra
86%
#152 Endivie
86%
#155 Feurigel
86%
#130 Garados
86%
#064 Kadabra
86%
#066 Machollo
86%
#068 Machomei
86%
#043 Myrapla
86%
#033 Nidorino
86%
#065 Simsala
86%
#041 Zubat
86%
#044 Duflor
85%
#045 Giflor
85%
#042 Golbat
85%
#158 Karnimani
85%
#030 Nidorina
85%
#039 Pummeluff
85%
#126 Magmar
84%
#067 Maschock
84%
#036 Pixi
84%
#143 Relaxo
84%
#123 Sichlor
84%
#059 Arkani
83%
#125 Elektek
83%
#058 Fukano
83%
#250 Ho-Oh
83%
#069 Knofensa
83%
#153 Lorblatt
83%
#249 Lugia
83%
#035 Piepi
83%
#106 Kicklee
82%
#040 Knuddeluff
82%
#154 Meganie
82%
#028 Sandamer
82%
#027 Sandan
82%
#037 Vulpix
82%
#244 Entei
81%
#255 Flemmli
81%
#160 Impergator
81%
#081 Magnetilo
81%
#107 Nockchan
81%
#172 Pichu
81%
#109 Smogon
81%
#121 Starmie
81%
#120 Sterndu
81%
#157 Tornupto
81%
#070 Ultrigaria
81%
#156 Igelavar
80%
#140 Kabuto
80%
#141 Kabutops
80%
#101 Lektrobal
80%
#082 Magneton
80%
#052 Mauzi
80%
#124 Rossana
80%
#071 Sarzenia
80%
#110 Smogmog
80%
#128 Tauros
80%
#100 Voltobal
80%
#038 Vulnona
80%
#142 Aerodactyl
79%
#050 Digda
79%
#078 Gallopa
79%
#087 Jugong
79%
#086 Jurob
79%
#131 Lapras
79%
#197 Nachtara
79%
#077 Ponita
79%
#062 Quappo
79%
#088 Sleima
79%
#089 Sleimok
79%
#208 Stahlos
79%
#245 Suicune
79%
#138 Amonitas
78%
#051 Digdri
78%
#080 Lahmus
78%
#060 Quapsel
78%
#061 Quaputzi
78%
#243 Raikou
78%
#117 Seemon
78%
#116 Seeper
78%
#053 Snobilikat
78%
#159 Tyracroc
78%
#139 Amoroso
77%
#048 Bluzuk
77%
#079 Flegmon
77%
#383 Groudon
77%
#258 Hydropi
77%
#257 Lohgock
77%
#056 Menki
77%
#049 Omot
77%
#127 Pinsir
77%
#111 Rihorn
77%
#072 Tentacha
77%
#073 Tentoxa
77%
#251 Celebi
76%
#113 Chaneira
76%
#132 Ditto
76%
#054 Enton
76%
#118 Goldini
76%
#119 Golking
76%
#169 Iksbat
76%
#196 Psiana
76%
#057 Rasaff
76%
#112 Rizeros
76%
#239 Elekid
75%
#103 Kokowei
75%
#382 Kyogre
75%
#102 Owei
75%
#122 Pantimos
75%
#046 Paras
75%
#173 Pii
75%
#384 Rayquaza
75%
#091 Austos
74%
#248 Despotar
74%
#055 Entoron
74%
#163 Hoothoot
74%
#256 Jungglut
74%
#090 Muschas
74%
#047 Parasek
74%
#083 Porenta
74%
#137 Porygon
74%
#260 Sumpex
74%
#084 Dodu
73%
#252 Geckarbor
73%
#254 Gewaldro
73%
#097 Hypno
73%
#115 Kangama
73%
#240 Magby
73%
#096 Traumato
73%
#085 Dodri
72%
#246 Larvitar
72%
#253 Reptain
72%
#114 Tangela
72%
#161 Wiesor
72%
#105 Knogga
71%
#164 Noctuh
71%
#212 Scherox
71%
#108 Schlurp
71%
#104 Tragosso
71%
#174 Fluffeluff
70%
#099 Kingler
70%
#098 Krabby
70%
#247 Pupitar
70%
#377 Regirock
70%
#162 Wiesenior
70%
#378 Regice
69%
#379 Registeel
69%
#276 Schwalbini
69%
#230 Seedraking
69%
#237 Kapoera
68%
#236 Rabauz
68%
#277 Schwalboss
68%
#179 Voltilamm
68%
#265 Waumpel
68%
#167 Webarak
68%
#168 Ariados
67%
#386 Deoxys
67%
#261 Fiffyen
67%
#199 Laschoking
67%
#175 Togepi
67%
#181 Ampharos
66%
#238 Kussilla
66%
#381 Latios
66%
#259 Moorabbel
66%
#180 Waaty
66%
#182 Blubella
65%
#373 Brutalanda
65%
#380 Latias
65%
#241 Miltank
65%
#176 Togetic
65%
#263 Zigzachs
65%
#229 Hundemon
64%
#385 Jirachi
64%
#262 Magnayen
64%
#372 Draschel
63%
#242 Heiteira
63%
#228 Hunduster
63%
#371 Kindwurm
63%
#227 Panzaeron
63%
#267 Papinella
63%
#186 Quaxo
63%
#266 Schaloko
63%
#264 Geradaks
62%
#376 Metagross
62%
#185 Mogelbaum
62%
#279 Pelipper
62%
#269 Pudox
62%
#320 Wailmer
62%
#278 Wingull
62%
#201 Icognito
61%
#166 Ledian
61%
#165 Ledyba
61%
#375 Metang
61%
#268 Panekon
61%
#233 Porygon2
61%
#200 Traunfugil
61%
#202 Woingenau
61%
#170 Lampi
60%
#171 Lanturn
60%
#374 Tanhel
60%
#321 Wailord
60%
#198 Kramurx
59%
#289 Letarking
59%
#310 Voltenso
59%
#287 Bummelz
58%
#221 Keifel
58%
#183 Marill
58%
#218 Schneckmag
58%
#280 Trasla
58%
#184 Azumarill
57%
#349 Barschwa
57%
#281 Kirlia
57%
#270 Loturzel
57%
#350 Milotic
57%
#288 Muntier
57%
#311 Plusle
57%
#220 Quiekel
57%
#304 Stollunior
57%
#275 Tengulist
57%
#274 Blanas
56%
#322 Camaub
56%
#323 Camerupt
56%
#282 Guardevoir
56%
#187 Hoppspross
56%
#312 Minun
56%
#273 Samurzel
56%
#214 Skaraborn
56%
#215 Sniebel
56%
#338 Sonnfel
56%
#192 Sonnflora
56%
#191 Sonnkern
56%
#337 Lunastein
55%
#177 Natu
55%
#366 Perlu
55%
#306 Stolloss
55%
#305 Stollrak
55%
#178 Xatu
55%
#309 Frizelbliz
54%
#188 Hubelupf
54%
#272 Kappalores
54%
#330 Libelldra
54%
#271 Lombrero
54%
#219 Magcargo
54%
#296 Makuhita
54%
#195 Morlord
54%
#189 Papungha
54%
#223 Remoraid
54%
#363 Seemops
54%
#319 Tohaido
54%
#357 Tropius
54%
#355 Zwirrlicht
54%
#334 Altaria
53%
#354 Banette
53%
#194 Felino
53%
#293 Flurmel
53%
#203 Girafarig
53%
#285 Knilz
53%
#224 Octillery
53%
#335 Sengo
53%
#333 Wablu
53%
#365 Walraisa
53%
#356 Zwirrklop
53%
#367 Aalabyss
52%
#359 Absol
52%
#234 Damhirplex
52%
#232 Donphan
52%
#297 Hariyama
52%
#286 Kapilz
52%
#328 Knacklion
52%
#299 Nasgnet
52%
#231 Phanpy
52%
#324 Qurtel
52%
#204 Tannza
52%
#216 Teddiursa
52%
#217 Ursaring
52%
#329 Vibrava
52%
#206 Dummisel
51%
#235 Farbeagle
51%
#205 Forstellka
51%
#190 Griffel
51%
#360 Isso
51%
#295 Krawumms
51%
#364 Seejong
51%
#353 Shuppet
51%
#336 Vipitis
51%
#302 Zobiris
51%
#347 Anorith
50%
#298 Azurill
50%
#225 Botogel
50%
#345 Liliep
50%
#226 Mantax
50%
#290 Nincada
50%
#291 Ninjask
50%
#292 Ninjatom
50%
#369 Relicanth
50%
#368 Saganabyss
50%
#346 Wielie
50%
#193 Yanma
50%
#348 Armaldo
49%
#211 Baldorfish
49%
#222 Corasonn
49%
#300 Eneco
49%
#318 Kanivanha
49%
#294 Krakeelo
49%
#210 Granbull
48%
#327 Pandir
48%
#315 Roselia
48%
#301 Enekoro
47%
#303 Flunkifer
47%
#314 Illumise
47%
#352 Kecleon
47%
#341 Krebscorps
47%
#344 Lepumentas
47%
#307 Meditie
47%
#213 Pottrott
47%
#343 Puppance
47%
#207 Skorgla
47%
#209 Snubbull
47%
#331 Tuska
47%
#351 Formeo
46%
#342 Krebutack
46%
#370 Liebiskus
46%
#308 Meditalis
46%
#332 Noktuska
46%
#313 Volbeat
46%
#362 Firnontor
45%
#283 Gehweiher
45%
#284 Maskeregen
45%
#361 Schneppke
45%
#358 Palimpalim
44%
#339 Schmerbe
44%
#340 Welsar
44%
#317 Schlukwech
43%
#316 Schluppuck
43%
#325 Spoink
41%
#326 Groink
40%
Keine übereinstimmenden Quizze gefunden
Verteilung der Resultate
Anzahl Personen mit jedem Resultat
Perzentil nach korrekt beantworteten Fragen
Ihre Resultats-Entwicklung
Sie haben dieses Quiz noch nicht gespielt